Les 15 tomes de la saga "Les gardiens de Ga'Hoole" - Statistiques

Statistiques générales
  • Ce quiz a été pris 5 fois
  • Le résultat moyen est 8 sur 15
Statistiques - réponses
Hint Réponse % Correct
2 Le grand voyage
80%
1 L'enlèvement
80%
15 La guerre
60%
11 La reconquête
60%
10 Le prince
60%
8 L'exil
60%
6 L'incendie
60%
12 L'arbre d'or
40%
3 L'assaut
40%
7 L'éclosion
40%
9 Le Devin
40%
5 Le guet-apens
40%
14 Les bannis
40%
4 Le siège
40%
13 Le sixième royaume
40%
Aucun quiz correspondant
Distribution des résultats
% des personnes avec chaque résultat
Percentile par nombre de réponses
Votre historique - résultats
Vous n’avez pas pris ce quiz